000 01422cpcaa2200325 a 4500
001 mm2011085594
003 DLC
005 20260227111732.0
008 110715|||||||||||| eng
010 _amm2011085594
040 _aDLC
_cDLC
_edacs
_dDLC
072 7 _aC
_2lcmd
100 1 _aWadsworth, Peleg,
_d1748-1829.
245 0 0 _aPeleg Wadsworth correspondence,
_f1798.
300 _a10
_fitems.
506 0 _aOpen to research.
520 8 _aALsS (1798 January-May) written by Wadsworth, while serving as a U.S. representative from Massachusetts, to his son, Charles L. Wadsworth, relating chiefly to the XYZ affair and to family matters. Includes typewritten transcripts of the letters.
545 0 _aU.S. representative from Massachusetts and Continental Army officer.
546 _aCollection material in English.
580 _aForms part of: Miscellaneous Manuscripts collection.
600 1 0 _aWadsworth, Charles L.,
_d1776-1848
_vCorrespondence.
600 3 0 _aWadsworth family.
650 0 _aXYZ Affair, 1797-1798.
651 0 _aFrance
_xForeign relations
_zUnited States.
651 0 _aUnited States
_xForeign relations
_zFrance.
656 7 _aArmy officers.
_2itoamc
656 7 _aRepresentatives, U.S. Congress
_zNew York (State)
_2itoamc
999 _c44863
_d44863